1414 1752 1414 1890 1375 1648 1402 1642 1478 1599 1615 1931 1771 1542 1697 1988 1416 1032 1701 1100 1323 1869 1568 1209 1780 1339 1247 1837 1033 1206 1044 1840 1934 1291 1795 1710 1138 1844 1089 1752 1862 1264 1361 1127 1478 1123 1528 1983 1837 1095 1664 1750 1385 1510 1646 1344 1353 1617 1708 1108 1078 1709 1196 1067 1965 1664 1969 1432 1006 1828 1203 1160 1780 1271 1522 1674 1613 1207 1073 1842 1437 1668 1920 1759 1041 1579 1758 1803 1516 1025 1453 1639 1082 1875 1119 1194 1222 1963 1963 BCNSPRNW ULIB Ver.6.0+V

เปลี่ยนเป็นภาษาไทย

Change to English
 แสดงรายละเอียดบรรณานุกรม
  กลับหน้าหลัก

Brief Record : Get Marc (ISO 2709) : E-mail record : QR code < ปิดหน้าต่าง
LEADER : 00000nam 2200000uu 4500
001    13399128589
003     ULIB
008    230912s2565||||th 000 0 tha d
020    ^a9786163987037
060 04 ^aWY105^bอ259ท
100 0  ^aอภิรดี นันท์ศุภวัฒน์ (บรรณาธิการ)
245 10 ^aทักษะในการบริหารทางการพยาบาล/^cอภิรดี นันท์ศุภวัฒน์ (บรรณาธิการ)
246 31 ^aSkills of nursing management
250    ^aพิมพ์ครั้งที่ 2 (ฉบับปรับปรุงครั้งที่ 1)
260    ^aกรุงเทพฯ :^bโครงการตำราคณะพยาบาลศาสตร์ มหาวิทยาลัยเชียงใหม่,^c2565
300    ^a179 หน้า ;^c25 ซม.
650  4 ^aการพยาบาล^xการบริหาร
650  4 ^aการพยาบาล, บริการ^xองค์การและการบริหาร
650  4 ^aการบริหารการพยาบาล
650  4 ^aผู้นำ
650  0 ^aพยาบาลและการพยาบาล
710 2  ^aมหาวิทยาลัยเชียงใหม่.^bคณะพยาบาลศาสตร์
856    ^a^zสารบัญ^uhttps://drive.google.com/file/d/1Bnx__DH3lCsSsM1CO3H9zuMsQQQB_GrB/view?usp=share_link
945    ^p150^l0^i29797
945    ^p150^l0^i29798
945    ^p150^l0^i30179
945    ^p150^l0^i30180
999    ^aกัณชพร จุลอักษร
รายการนี้ยังไม่มีแท็ก
คุณยังไม่ได้ล็อกอิน คุณสามารถมีกิจกรรมร่วมกับเว็บไซต์ได้ แต่ต้องล็อกอินก่อน ::
  ล็อกอิน

รายการสื่อสารสนเทศ

ลำดับที่ ประเภท เลขเรียก/บาร์โค้ด สถานที่ สถานะ
1. หนังสือสำรอง
หนังสือสำรอง
WY105 อ259ท ฉ.1 
  Barcode: 29797
ห้องสมุดวิทยาเขตนครสวรรค์
►หนังสือทั่วไป:l:General Books
บนชั้น
2. วิทยาศาสตร์การแพทย์ และสุขภาพ
วิทยาศาสตร์การแพทย์ และสุขภาพ
WY105 อ259ท ฉ.2 
  Barcode: 29798
ห้องสมุดวิทยาเขตนครสวรรค์
►หนังสือทั่วไป:l:General Books
บนชั้น
3. วิทยาศาสตร์การแพทย์ และสุขภาพ
วิทยาศาสตร์การแพทย์ และสุขภาพ
WY105 อ259ท ฉ.3 
  Barcode: 30179
ห้องสมุดวิทยาเขตนครสวรรค์
►หนังสือทั่วไป:l:General Books
บนชั้น
4. วิทยาศาสตร์การแพทย์ และสุขภาพ
วิทยาศาสตร์การแพทย์ และสุขภาพ
WY105 อ259ท ฉ.4 
  Barcode: 30180
ห้องสมุดวิทยาเขตนครสวรรค์
►หนังสือทั่วไป:l:General Books
บนชั้น

รายการใกล้เคียง
    ผู้แต่ง [อภิรดี นันท์ศุภวัฒน์ (บรรณาธิการ)]

    หัวเรื่อง [การบริหารการพยาบาล]
    หัวเรื่อง [ผู้นำ]
    หัวเรื่อง [พยาบาลและการพยาบาล]

BibComment


ยังไม่เคยถูกคอมเมนท์

คอมเมนท์ทรัพยากรรายการนี้
  คอมเมนท์: ทักษะในการบริหาร..


 Copyright 2026. Bcnsprnw @Library